La vorágine

Kaydedildi:
Detaylı Bibliyografya
Yazar: Rivera, José Eustasio
Materyal Türü: Kitap
Dil:Undetermined
Baskı/Yayın Bilgisi: Miranda, Venezuela Ediciones Yadday [s.f.]
Konular:
Etiketler: Etiketle
Etiket eklenmemiş, İlk siz ekleyin!

MARC

LEADER 00000nam a2200000Ia 4500
008 170316s9999 xx 000 0 und d
090 |a 860 R-13v 
100 |a Rivera, José Eustasio 
245 |a La vorágine 
260 |a Miranda, Venezuela 
260 |b Ediciones Yadday 
260 |c [s.f.] 
300 |a 279 páginas 
650 |a LITERATURA LATINOAMERICANA 
999 |c 24523  |d 24523 
040 |a cru BVZT 
942 |c 15 D  |h 860 R-13v  |2 z